书目信息 |
| 题名: |
非数值并行算法
|
|
| 作者: | 康立山 著 | |
| 分册: | 第一册 模拟退火算法 | |
| 出版信息: | 北京 科学出版社 1994.4 |
|
| 页数: | 244页 | |
| 开本: | 20cm | |
| 丛书名: | 计算方法丛书 | |
| 单 册: | ||
| 中图分类: | TP338.6 | |
| 科图分类: | ||
| 主题词: | 并行算法 , 退火-计算机模拟-并行算法 , 计算机模拟-退火-并行算法 | |
| 电子资源: | ||
| ISBN: | 7-03-003736-7 | |
| 000 | 01135nam2 2200301 45 | |
| 001 | 0194029696 | |
| 005 | 20070727172123.53 | |
| 010 | @a7-03-003736-7@dCNY14.00 | |
| 100 | @a19940718d1994 em y0chiy0121 ea | |
| 101 | 0 | @achi |
| 102 | @aCN@b110000 | |
| 105 | @ay z 000yy | |
| 200 | 10 | @a非数值并行算法@AFEI SHU ZHI BING XING SUAN FA@h第一册@i模拟退火算法@IMO NI TUI HUO SUAN FA@f康立山等著@FKANG LI SHAN DENG ZHU |
| 210 | @a北京@c科学出版社@d1994.4 | |
| 215 | @a244页@d20cm | |
| 225 | 2 | @a计算方法丛书@f冯 康主编 |
| 300 | @a中国科学院出版基金 国家自然科学基金委员会资助出版 | |
| 314 | @a康立山,武汉大学任教 | |
| 330 | @a本书内容包括:模拟退火算法、并行模拟退火算法、渐进收敛法、冷却进度表、模拟退火算法的应用、改进合变异、Boltzmann机及其在组合优化中的应用。 | |
| 410 | 0 | @120010@a计算方法丛书 |
| 540 | 1 | @a非数值 并行 算法 模拟 退火@AFEI SHU ZHI BING XING SUAN FA MO NI TUI HUO |
| 606 | @a并行算法 | |
| 606 | @a退火-计算机模拟-并行算法 | |
| 606 | @a计算机模拟-退火-并行算法 | |
| 690 | @aTP338.6@v4 | |
| 701 | 0 | @a康立山@AKANG LI SHAN@4著 |
| 801 | 0 | @aCN@bTSSF@c20070727 |
| 905 | @a10447@dTP338.6@e101:1 | |
| 非数值并行算法.第一册.模拟退火算法/康立山等著.-北京:科学出版社,1994.4 |
| 244页;20cm.-(计算方法丛书/冯 康主编) |
| 中国科学院出版基金 国家自然科学基金委员会资助出版 |
| ISBN 7-03-003736-7:CNY14.00 |
| 本书内容包括:模拟退火算法、并行模拟退火算法、渐进收敛法、冷却进度表、模拟退火算法的应用、改进合变异、Boltzmann机及其在组合优化中的应用。 |
| ● |
| 相关链接 |
|
|
|
|
正题名:非数值并行算法
索取号:TP338.6/101:1
 
预约/预借
| 序号 | 登录号 | 条形码 | 馆藏地/架位号 | 状态 | 备注 |
| 1 | 0784417 | 207844172 | 第二样本阅览室/ [索取号:TP338.6/101:1] | 在馆 | |
| 2 | 0784418 | 207844181 | 第三借阅区/ [索取号:TP338.6/101:1] | 在馆 | |
| 3 | 0784419 | 207844190 | 第三借阅区/ [索取号:TP338.6/101:1] | 在馆 | |
| 4 | 0784474 | 207844742 | 第三借阅区/ [索取号:TP338.6/101:1] | 在馆 |